| 000 -ლიდერი |
| ფიქსირებული სიგრძის საკონტროლო ველი |
01494nam a22002537a 4500 |
| 003 - საკონტროლო ნომრის იდენტიფიკატორი |
| საკონტროლო ველი |
Ge_BSU |
| 005 - ბოლო ოპერაციის თარიღი და დრო |
| საკონტროლო ველი |
20230921161612.0 |
| 008 - ფიქსირებული სიგრძის მონაცემთა ელემენტები - ზოგადი ინფორმაცია |
| ფიქსირებული სიგრძის საკონტროლო ველი |
230921s2016 ge ||||| |||| 00| 0 geo d |
| 020 ## - წიგნის საერთაშორისო სტანდარტული ნომერი |
| International Standard Book Number |
9789941467530 |
| 041 ## - ენის კოდი |
| Language code of text/sound track or separate title |
geo |
| 080 ## - უნივერსალური ათობითი კლასიფიკაციის ინდექსი |
| Universal Decimal Classification number |
821.411.21-3 ქ-22 |
| 100 ## - მთავარი ჩანაწერი - პიროვნების სახელი |
| Personal name |
ქანაფანი, ღასან |
| 9 (RLIN) |
19860 |
| 245 ## - ცნობა სათაურის შესახებ |
| Title |
კაცები მზეში : |
| Remainder of title |
[რომანები, მოთხრობა] / |
| Statement of responsibility, etc |
ღასან ქანაფანი ; არაბულიდან თარგმნა დარეჯან გარდავაძემ ; რედაქტორი გიორგი ლობჟანიძე ; ყდის დიზაინერი ნატალია ავალიანი. |
| 250 ## - გამოცემის ცნობა |
| Edition statement |
I ქართული გამოცემა |
| 264 ## - წარმოების, გამოცემის, დისტრიბუციის და სხვა ცნობები |
| გამოცემის, წარმოების, დისტრიბუციის... ადგილი |
ბათუმი : |
| გამოცემის, წარმოების, დისტრიბუციის... სახელწოდება |
წიგნები ბათუმში, |
| გამოცემის, წარმოების, დისტრიბუციის... თარიღი |
2016. |
| 300 ## - ფიზიკური აღწერა |
| Extent |
147 გვ. ; |
| Other physical details |
20 სმ. |
| 490 ## - სერიის ცნობა |
| Series statement |
აღმოსავლური ბიბლიოთეკა. |
| 653 ## - INDEX TERM--UNCONTROLLED |
| Uncontrolled term |
რომანი |
| 653 ## - INDEX TERM--UNCONTROLLED |
| Uncontrolled term |
მოთხრობა |
| 700 ## - ADDED ENTRY--PERSONAL NAME |
| Personal name |
გარდავაძე, დარეჯან |
| Relator term |
მთარგმნელი,წინასიტყვაობის ავტორი. |
| 9 (RLIN) |
2409 |
| 700 ## - ADDED ENTRY--PERSONAL NAME |
| Personal name |
ლობჟანიძე, გიორგი |
| Relator term |
რედაქტორი |
| 9 (RLIN) |
6092 |
| 700 ## - ADDED ENTRY--PERSONAL NAME |
| Personal name |
ავალიანი, ნატალია |
| Relator term |
ყდის დიზაინერი |
| 9 (RLIN) |
4152 |
| 942 ## - ADDED ENTRY ELEMENTS (KOHA) |
| Source of classification or shelving scheme |
|
| Koha item type |
წიგნი |